Statistics for Unrelated Words

Click here to take the quiz!

General Stats

  • This quiz has been taken 56 times
  • The average score is 9 of 15

Answer Stats

Hint 1WordHint 2% Correct
Only mammals capable of flightBatTool used in baseball to hit the ball
96%
Before thirdSecond1/60th of a minute
94%
To bend forward slightlyBowWeapon that shoots arrows
90%
To ripTearForms when you cry
88%
To leave the armyDesertA region with little rainfall
78%
A deep and low voiceBassA type of fish
70%
The opposite of expandContractA written or spoken agreement
66%
To propel a boat forwardsRowA line, opposite of column
64%
To twist somethingWindA breeze
58%
If you are happy with what you haveContentWhat is contained is something
56%
Fresh fruits and vegetablesProduceTo make something
52%
A poisonous metalLeadTo take someone somewhere
36%
Something made of 2 or more thingsCompoundA cluster of buildings in an enclosure
24%
To advance or continueProceedThe profit made
8%
Money you have to pay to someoneFineThin and delicate
2%

Score Distribution

Percentile by Number Answered

Percent of People with Each Score

Your Score History

You have not taken this quiz